000 00431nam a22001097a 4500
040 _crua
082 _aKIN JUL 2016 C011 Or.
245 _aChronic Food Insecurity Situation Overview in !0 Provinces 2016-2020,ស្ថានភាពអសន្តិសុខស្បៀងរុាំរ៉ៃនៅ ១០ខេត្ត ២០១៦-២០២០
260 _aphnom penh
_brua
_c2018
300 _a8p.
_bill.
_c29cm.
942 _cREC
999 _c22126
_d22126